000 00696nam a2200229 a 4500
005 20260322212006.0
008 data
020 _a0874251907
020 _a9780874251906
040 _aODT, Inc.
090 _aHF 5549.15 L194 1993
100 1 _aLaMountain, Dianne
245 1 0 _aCultural diversity :
_ba workbook for trainers /
_cDianne LaMountain & Bob Abramms.
260 _aAmherst, MA
_bHRD Press
_cc1993
300 _a1 v. (various pagings) :
_b forms ;
_c 30 cm.
500 _aIncludes bibliographical references.
650 4 _aExecutives
_xorganization & administration
650 4 _aIntercultural communication.
650 0 2 _aPersonnel Management
700 1 _aAbramms, Bob.
001 data
999 _c100
_d100